000
00316nam a2200109 4500
082
_a
658.568 V138c
100
_a
Vaughn, Richard C.
245
_a
Control de calidad / Richard C. Vaughn
260
_a
Mexico : Limusa
300
_a
293p. / 22 cm.
650
_a
1. CONTROL DE CALIDAD \ 2. CONTROL DE LA VARIEDAD DEL PROCESO
999
_c
23562
_d
23562